Re-made in Japan : everyday life and consumer taste in a changing society

Saved in:
Bibliographic Details
Other Authors: Tobin, Joseph Jay (Editor)
Format: Book
Language:English
Published: New York : Yale University Press, 1992
Subjects:
Tags: Add Tag
No Tags, Be the first to tag this record!

MARC

LEADER 00000nam a2200000 i 4500
001 1/3674
008 960401s1992 eng d
020 |a 0-300-06082-3 
035 |l 10015300 
040 |a GR-MY-UA  |b gre  |e aacr 
041 0 |a eng 
082 0 |a 306.0952 
245 1 0 |a Re-made in Japan :  |b everyday life and consumer taste in a changing society /  |c Edited by J. Tobin 
260 |a New York :   |b Yale University Press,   |c 1992 
300 |a 264 p. 
650 0 0 |a Ethnology  |z Japan. 
650 0 0 |a Consumers  |z Japan  |x Attitudes. 
650 0 0 |a Japanese  |x Ethnic identity. 
651 0 |a Japan  |x Economic conditions. 
651 0 |a Japan  |x Social life and customs. 
700 1 |a Tobin, Joseph Jay.  |4 edt 
852 |a INST  |b LESVOS  |e 19960401  |h 306.0952 REM  |p 005100007030  |q 005100007030  |t BK  |y 0 
909 |a Λ  |b 043932